000 00986 a2200217 4500
999 _c3422
_d3422
020 _a0138920680
050 0 0 _aQA 11 NIS 1991
100 _aM. Niss
_eauthor
245 0 0 _aTeaching of mathematical modelling and applications /
_c[edited by] M. Niss, W. Blum, I. Huntley.
264 _aNew York :
_bEllis Horwood
_c1991
300 _axiii, 427 p. :
_bill. ;
500 _a"Revised versions of selected contributions to the Fourth International Conference on the Teaching of Mathematical Modelling and Applications, ICTMA 4, held at Roskilde University, Denmark, 3-7 July 1989"--Pref.
504 _aIncludes bibliographical references.
650 0 _aMathematics
_xStudy and teaching
_xCongresses.
650 0 _aMathematical models
_xCongresses.
700 1 _aNiss, Mogens.
_eauthor
700 1 _aBlum, W.
_q(Werner),
_d1945-
700 1 _aHuntley, Ian.
_eauthor
942 _2lcc
_cBK
_h11
_iNIS
_kQA